Выпускная квалификационная работа: методические указания по выполнению выпускных квалификационных работ для студентов бакалавриата по направлению 18.03.02 «Энерго- и ресурсосберегающие процессы в химической технологии, нефтехимии и биотехнологии», профиль «Машины и аппараты химических производств»
| Автор-организация: | |
|---|---|
| Другие авторы: | |
| Примечания: | Заглавие с титульного экрана Методические указания по подготовке и защите в ГЭК выпускной квалификационной работы бакалавра по направлению 18.03.02 «Энерго- и ресурсосберегающие процессы в химической технологии, нефтехимии и биотехнологии», профиль «Машины и аппараты химических производств». Режим доступа: из корпоративной сети ТПУ |
| Язык: | русский |
| Опубликовано: |
Томск, 2019
|
| Предметы: | |
| Online-ссылка: | https://www.lib.tpu.ru/fulltext2/m/2019/m026.pdf |
| Формат: | MixedMaterials Электронный ресурс Книга |
| Запись в KOHA: | https://koha.lib.tpu.ru/cgi-bin/koha/opac-detail.pl?biblionumber=342874 |
MARC
| LEADER | 00000nlm0a2200000 4500 | ||
|---|---|---|---|
| 001 | 342874 | ||
| 005 | 20231102005510.0 | ||
| 035 | |a (RuTPU)RU\TPU\book\372264 | ||
| 035 | |a RU\TPU\book\295538 | ||
| 090 | |a 342874 | ||
| 100 | |a 20190426d2019 m y0rusy50 ca | ||
| 101 | 0 | |a rus | |
| 102 | |a RU | ||
| 105 | |a y j 000zy | ||
| 135 | |a vrcn ---uucaa | ||
| 181 | 0 | |a i | |
| 182 | 0 | |a b | |
| 200 | 1 | |a Выпускная квалификационная работа |b Электронный ресурс |e методические указания по выполнению выпускных квалификационных работ для студентов бакалавриата по направлению 18.03.02 «Энерго- и ресурсосберегающие процессы в химической технологии, нефтехимии и биотехнологии», профиль «Машины и аппараты химических производств» |f Национальный исследовательский Томский политехнический университет, Инженерная школа новых производственных технологий, сост. В. М. Беляев | |
| 203 | |a Текст |c электронный | ||
| 210 | |a Томск |d 2019 | ||
| 230 | |a 1 компьютерный файл (pdf; 1946 KB) | ||
| 300 | |a Заглавие с титульного экрана | ||
| 330 | |a Методические указания по подготовке и защите в ГЭК выпускной квалификационной работы бакалавра по направлению 18.03.02 «Энерго- и ресурсосберегающие процессы в химической технологии, нефтехимии и биотехнологии», профиль «Машины и аппараты химических производств». | ||
| 333 | |a Режим доступа: из корпоративной сети ТПУ | ||
| 606 | 1 | |a Письменные работы студентов |x Написание |x Оформление |2 stltpush |3 (RuTPU)RU\TPU\subj\67929 |9 83521 | |
| 610 | 1 | |a электронный ресурс | |
| 610 | 1 | |a труды учёных ТПУ | |
| 610 | 1 | |a методические указания | |
| 610 | 1 | |a ВКР | |
| 610 | 1 | |a выпускные квалификационные работы | |
| 610 | 1 | |a государственная аттестация | |
| 610 | 1 | |a бакалаврские работы | |
| 610 | 1 | |a бакалавриат | |
| 686 | |a Ч481.254я73 |2 rubbk | ||
| 702 | 1 | |a Беляев |b В. М. |c химик-технолог |c доцент Томского политехнического университета, кандидат технических наук |f 1946- |g Василий Михайлович |2 stltpush |3 (RuTPU)RU\TPU\pers\26759 |4 220 | |
| 712 | 0 | 2 | |a Национальный исследовательский Томский политехнический университет |b Инженерная школа новых производственных технологий |b Научно-образовательный центр Н. М. Кижнера |h 7872 |2 stltpush |3 (RuTPU)RU\TPU\col\23556 |
| 801 | 1 | |a RU |b 63413507 |c 20141016 | |
| 801 | 2 | |a RU |b 63413507 |c 20191206 |g RCR | |
| 856 | 4 | |u https://www.lib.tpu.ru/fulltext2/m/2019/m026.pdf | |
| 942 | |c CF | ||